00233nam a2200073Ia 4500008004100000082000800041100001500049245009500064240331s9999 xx 000 0 und d bNAD aNadesan, S 4aThe JVP insurgency of 1971 :ba speech made in the Ceylon senate on 14th and 15th May 1971